[Event "Sachsen-ch U12"]
[Site "Sebnitz"]
[Date "2011.04.30"]
[Round "7"]
[White "Richter, Vincenzo"]
[Black "Walczak, Charley"]
[Result "1/2-1/2"]
[WhiteElo "1207"]
[BlackElo "1435"]
[PlyCount "48"]
[EventDate "2011.04.26"]
[EventType "swiss"]
[EventRounds "7"]
[EventCountry "GER"]
[SourceTitle "EXT 2012"]
[Source "ChessBase"]
[SourceDate "2011.11.24"]
[SourceVersion "1"]
[SourceVersionDate "2011.11.24"]
[SourceQuality "1"]

1. e4 c5 2. d4 cxd4 3. c3 dxc3 4. Nxc3 e5 5. Nf3 Nc6 6. Bb5 Qc7 7. 0-0 Bc5 8. Qd5 Nge7 9. Qxc5 d6 10. Qe3 0-0 11. Bxc6 bxc6 12. Rd1 Bb7 13. Qe2 Rfe8 14. Bg5 f6 15. Be3 d5 16. exd5 cxd5 17. Rac1 Qa5 18. Bd2 Rec8 19. Qb5 Qxb5 20. Nxb5 Rc6 21. Rxc6 Bxc6 22. Nc3 Rb8 23. Rb1 d4 24. Nd1 Bd5 1/2-1/2

[Event "Sachsen-ch U12"]
[Site "Sebnitz"]
[Date "2011.04.28"]
[Round "4"]
[White "Phenn, Jan Niklas"]
[Black "Richter, Vincenzo"]
[Result "1-0"]
[WhiteElo "1404"]
[BlackElo "1207"]
[PlyCount "47"]
[EventDate "2011.04.26"]
[EventType "swiss"]
[EventRounds "7"]
[EventCountry "GER"]
[SourceTitle "EXT 2012"]
[Source "ChessBase"]
[SourceDate "2011.11.24"]
[SourceVersion "1"]
[SourceVersionDate "2011.11.24"]
[SourceQuality "1"]

1. d4 Nf6 2. c4 e5 3. dxe5 Ng4 4. Bf4 Bb4+ 5. Nc3 Nc6 6. Nf3 Qe7 7. Qd5 Bxc3+ 8. bxc3 Qa3 9. Qd2 Qc5 10. e3 Ngxe5 11. Nxe5 Nxe5 12. Qd4 Qxd4 13. cxd4 Nc6 14. Bxc7 Nb4 15. Kd2 0-0 16. a3 Nc6 17. Bd6 Re8 18. c5 b6 19. Rb1 bxc5 20. dxc5 Ne5 21. Be2 a5 22. Rhc1 Ba6 23. Bxa6 Rxa6 24. Bxe5 1-0

[Event "Sachsen-ch U10"]
[Site "Sebnitz"]
[Date "2009.04.17"]
[Round "6"]
[White "Essler, Oskar"]
[Black "Richter, Vincenzo"]
[Result "1-0"]
[WhiteElo "1232"]
[BlackElo "1102"]
[PlyCount "71"]
[EventDate "2009.04.14"]
[EventType "swiss"]
[EventRounds "7"]
[EventCountry "GER"]
[SourceTitle "EXT 2010"]
[Source "ChessBase"]
[SourceDate "2010.11.25"]
[SourceVersion "1"]
[SourceVersionDate "2010.11.25"]
[SourceQuality "1"]

1. e4 c5 2. Nf3 Nc6 3. d4 cxd4 4. Nxd4 d6 5. Nc3 g6 6. Bc4 Bg7 7. Be3 Nf6 8. f3 0-0 9. 0-0 Bd7 10. Qd2 Qc7 11. Ncb5 Qc8 12. Bb3 Ne5 13. Nc3 a5 14. a4 Rd8 15. Nd5 Nxd5 16. exd5 Qc7 17. Rac1 Qb8 18. c4 e6 19. c5 dxc5 20. Rxc5 b6 21. Rc2 b5 22. dxe6 bxa4 23. Bd5 fxe6 24. Bxa8 Qxa8 25. Rc5 Nf7 26. Qxa5 Qb8 27. Rd1 Be8 28. Rb1 a3 29. Nxe6 Rd6 30. Nxg7 Qb3 31. Qxa3 Rd1+ 32. Rxd1 Qxd1+ 33. Kf2 Kxg7 34. Qc3+ Kf8 35. Rc7 Qh1 36. Bh6+ 1-0

[Event "Sachsen-ch U10"]
[Site "Sebnitz"]
[Date "2009.04.16"]
[Round "4"]
[White "Ferrenberg, Kjell"]
[Black "Richter, Vincenzo"]
[Result "0-1"]
[WhiteElo "1054"]
[BlackElo "1102"]
[PlyCount "52"]
[EventDate "2009.04.14"]
[EventType "swiss"]
[EventRounds "7"]
[EventCountry "GER"]
[SourceTitle "EXT 2010"]
[Source "ChessBase"]
[SourceDate "2010.11.25"]
[SourceVersion "1"]
[SourceVersionDate "2010.11.25"]
[SourceQuality "1"]

1. e4 c5 2. Nf3 Nc6 3. d4 cxd4 4. Nxd4 d6 5. Be3 g6 6. Nc3 Bg7 7. Nde2 Nf6 8. f3 0-0 9. Qd2 Ne5 10. Nd4 Bd7 11. Bh6 Re8 12. Bxg7 Kxg7 13. h3 a6 14. f4 Nc6 15. 0-0-0 b5 16. g4 b4 17. g5 bxc3 18. Qxc3 Nxe4 19. Qe3 Nc5 20. a3 Rb8 21. Bg2 Qb6 22. b3 Nxd4 23. Qxd4+ e5 24. fxe5 Nxb3+ 25. cxb3 Rec8+ 26. Kb1 Qxb3+ 0-1

[Event "Sachsen-ch U10"]
[Site "Sebnitz"]
[Date "2009.04.15"]
[Round "2"]
[White "Angrick, Philipp"]
[Black "Richter, Vincenzo"]
[Result "1-0"]
[WhiteElo "1207"]
[BlackElo "1102"]
[PlyCount "49"]
[EventDate "2009.04.14"]
[EventType "swiss"]
[EventRounds "7"]
[EventCountry "GER"]
[SourceTitle "EXT 2010"]
[Source "ChessBase"]
[SourceDate "2010.11.25"]
[SourceVersion "1"]
[SourceVersionDate "2010.11.25"]
[SourceQuality "1"]

1. e4 c5 2. d4 cxd4 3. c3 dxc3 4. Nxc3 Nc6 5. Bc4 e6 6. Nf3 Qc7 7. Nb5 Qb8 8. g3 d6 9. Bf4 e5 10. Be3 Nf6 11. Ng5 Nd8 12. Rc1 Bg4 13. f3 Bh5 14. g4 Bg6 15. Qa4 Nc6 16. h4 h6 17. Nh3 a6 18. Nc3 b5 19. Qb3 bxc4 20. Qxc4 Nd8 21. g5 hxg5 22. hxg5 Nh5 23. Nd5 Qxb2 24. Qa4+ Qb5 25. Nc7+ 1-0

[Event "GER-ch U25"]
[Site "Willingen"]
[Date "2007.05.27"]
[Round "2"]
[White "Hohlstein, Felix"]
[Black "Richter, Vincenzo"]
[Result "1-0"]
[WhiteElo "1509"]
[BlackElo "1011"]
[PlyCount "35"]
[EventDate "2007.05.26"]
[EventType "swiss"]
[EventRounds "9"]
[EventCountry "GER"]
[SourceTitle "CBM 118 Extra"]
[Source "ChessBase"]
[SourceDate "2007.07.04"]
[SourceVersion "1"]
[SourceVersionDate "2007.07.04"]
[SourceQuality "1"]

1. d4 Nf6 2. c4 c5 3. d5 b5 4. cxb5 a6 5. g3 axb5 6. e4 Ba6 7. Nc3 Qb6 8. Be3 b4 9. Na4 Qa5 10. Bxa6 Nxa6 11. b3 c4 12. Qe2 c3 13. Bb6 c2 14. Bxa5 Rc8 15. Rc1 g6 16. Qxa6 Rb8 17. Rxc2 Bh6 18. Rc8+ 1-0

[Event "GER-ch U25"]
[Site "Willingen"]
[Date "2007.05.26"]
[Round "1"]
[White "Richter, Vincenzo"]
[Black "Voss, Chantal"]
[Result "0-1"]
[WhiteElo "1011"]
[BlackElo "1665"]
[PlyCount "44"]
[EventDate "2007.05.26"]
[EventType "swiss"]
[EventRounds "9"]
[EventCountry "GER"]
[SourceTitle "CBM 118 Extra"]
[Source "ChessBase"]
[SourceDate "2007.07.04"]
[SourceVersion "1"]
[SourceVersionDate "2007.07.04"]
[SourceQuality "1"]

1. e4 e6 2. d4 d5 3. e5 c5 4. Nf3 Nc6 5. Be3 Qb6 6. dxc5 Qxb2 7. Nc3 Qxc3+ 8. Bd2 Qxc5 9. Be2 Nge7 10. 0-0 Ng6 11. Bf4 Nxf4 12. Ng5 Nxe5 13. Qd2 Nxe2+ 14. Qxe2 Bd6 15. Qh5 h6 16. Nf3 Nxf3+ 17. Qxf3 0-0 18. Qg4 e5 19. Rfe1 Bxg4 20. Re3 Qxc2 21. Rg3 Rac8 22. h3 Bf5 0-1

[Event "Sachsen-ch U08"]
[Site "Sebnitz"]
[Date "2007.04.12"]
[Round "4"]
[White "Richter, Vincenzo"]
[Black "Walczak, Charley"]
[Result "1-0"]
[WhiteElo "1013"]
[BlackElo "770"]
[PlyCount "57"]
[EventDate "2007.04.10"]
[EventType "swiss"]
[EventRounds "7"]
[EventCountry "GER"]
[SourceTitle "EXT 2008"]
[Source "ChessBase"]
[SourceDate "2007.11.25"]
[SourceVersion "1"]
[SourceVersionDate "2007.11.25"]
[SourceQuality "1"]

1. e4 e5 2. Nf3 Nc6 3. d4 exd4 4. Bc4 Bc5 5. c3 dxc3 6. Bxf7+ Kxf7 7. Qd5+ Ke8 8. Qxc5 Nf6 9. Nxc3 d6 10. Qe3 Ng4 11. Qe2 Bd7 12. h3 Nf6 13. 0-0 Qc8 14. Kh2 h5 15. Ng5 Be6 16. Bf4 Nd4 17. Qd3 c5 18. Bxd6 Qd7 19. Bxc5 Nf5 20. Qxd7+ Bxd7 21. exf5 Bxf5 22. Rfe1+ Kd8 23. Nf7+ Kc7 24. Nxh8 Rxh8 25. Re7+ Kc8 26. Bxa7 Kd8 27. Rxg7 Nd7 28. Rd1 h4 29. Rd6 1-0